Score 0/10 Timer 01:00
1 Play Today
Clue 4-Letter Word % Correct
A formal or evening dressGOWN
95.6%
Soft goose feathersDOWN
94.2%
Precious metal which once backed US currencyGOLD
93.2%
* 1978 Horror movie: '___ of the [last rung] *
or The start of a new day
*DAWN*
92.8%
* 2004 Remake: '[first rung] of the ___' *
or Graveyard residents
*DEAD*
85.9%
A type of fungus, to AmericansMOLD
85.4%
Alcoholic beverage made from honeyMEAD
82.8%
To combineMELD
80.3%
PositiveGOOD
79.4%
Slang for a take-no-prisoners hockey playerGOON
78.8%

Today's Daily Dose

Word Ladder
Silence

Get the Picture
Philly Team Facts

You're not logged in!

Compare scores with friends on all Sporcle quizzes.
OR
Log In

Sporcle TV

Today on Sporcle TV


Watch our educational content, quiz creation guides, and fun videos on Sporcle TV.

Show Comments

Extras

Top Quizzes Today


Score Distribution

Your Account Isn't Verified!

In order to create a playlist on Sporcle, you need to verify the email address you used during registration. Go to your Sporcle Settings to finish the process.

Report this User

Report this user for behavior that violates our Community Guidelines.

Details: